Relationship between some soil physical characteristics and morphology in acid sulphate clays in Mekong Delta, Vietnam
The main objective of this research are to study the relationship between some soil physical characteristics and the morphology of acid sulphate horizons
Spremljeno u:
| Glavni autor: | |
|---|---|
| Format: | Knjiga |
| Jezik: | Undetermined |
| Izdano: |
Wageningen
Wageningen Agricultural Univ
1991
|
| Teme: | |
| Oznake: |
Dodaj oznaku
Bez oznaka, Budi prvi tko označuje ovaj zapis!
|
| Thư viện lưu trữ: | Trung tâm Học liệu Trường Đại học Cần Thơ |
|---|
| LEADER | 00835nam a2200217Ia 4500 | ||
|---|---|---|---|
| 001 | CTU_16249 | ||
| 008 | 210402s9999 xx 000 0 und d | ||
| 082 | |a 631.587 | ||
| 082 | |b Kh401/No.5 | ||
| 100 | |a Lê, Văn Khoa | ||
| 245 | 0 | |a Relationship between some soil physical characteristics and morphology in acid sulphate clays in Mekong Delta, Vietnam | |
| 245 | 0 | |c Lê Văn Khoa | |
| 260 | |a Wageningen | ||
| 260 | |b Wageningen Agricultural Univ | ||
| 260 | |c 1991 | ||
| 520 | |a The main objective of this research are to study the relationship between some soil physical characteristics and the morphology of acid sulphate horizons | ||
| 650 | |a Soil science,Soils | ||
| 650 | |x Mekong river delta | ||
| 650 | |z Vietnam | ||
| 904 | |i Nguyễn Quang Điền | ||
| 980 | |a Trung tâm Học liệu Trường Đại học Cần Thơ | ||